| Tag |
First Indicator |
Second Indicator |
Subfields |
| LEADER |
00000cam a2200000 a 4500 |
| 001 |
in00001050488 |
| 005 |
20150929084608.0 |
| 008 |
920421s1991 oru 000 1 eng d |
| 035 |
|
|
|a (OCoLC)25684470
|
| 035 |
|
|
|9 AFK6650AM
|
| 040 |
|
|
|a TXA
|c TXA
|d UtOrBLW
|
| 049 |
|
|
|a TXAM
|c 1 TXAS [scif]
|c 1,2
|
| 090 |
|
|
|a PS3566.O36
|b S83 1991
|
| 100 |
1 |
|
|a Pohl, Frederik.
|
| 245 |
1 |
0 |
|a Stopping at Slowyear /
|c Frederik Pohl.
|
| 264 |
|
1 |
|a Eugene, OR :
|b Pulphouse,
|c [1991]
|
| 264 |
|
4 |
|c ©1991
|
| 300 |
|
|
|a 118 pages ;
|c 22 cm.
|
| 336 |
|
|
|a text
|b txt
|2 rdacontent
|
| 337 |
|
|
|a unmediated
|b n
|2 rdamedia
|
| 338 |
|
|
|a volume
|b nc
|2 rdacarrier
|
| 490 |
1 |
|
|a Axolotl Press series ;
|v #21
|
| 500 |
|
|
|a 300 limited, bound in cloth with a dust jacket, signed, and numbered. This copy is #35.
|
| 830 |
|
0 |
|a Axolotl Press series ;
|v #21.
|
| 999 |
|
|
|a MARS
|
| 999 |
f |
f |
|s 85e14c57-e503-3458-8cee-7a03c2e63bba
|i 383d26dd-625b-33b5-963c-029a96debcf4
|t 0
|
| 952 |
f |
f |
|p ric
|a Texas A&M University
|b Rellis Campus
|c Joint Library Facility
|s JLF
|d Remote Storage
|t 0
|e PS3566.O36 S83 1991
|h Library of Congress classification
|i unmediated -- volume
|m A14816627037
|
| 998 |
f |
f |
|a PS3566.O36 S83 1991
|t 0
|l Remote Storage
|